000 00416nam a2200181Ia 4500
001 7723
005 20260306160516.0
008 260306t2003||||xx |||||||||||||| ||spa||
041 _aESP
082 _a355.021
_bS93
100 _aSun Tzu
_eAUT
245 0 _aEl arte de la guerra:
_bcomentado
260 _c2003
300 _a195 páginas :
_c21 cm.
650 _aGEN
654 _aCHU
942 _cLIB
_dJUS
_fJUS
_2ddc
_n
999 _c7723
_d7723